00474cam a2200193 a 4500001000800000005001700008008004100025010001700066020001500083040002300098041000800121060001600129080001500145082001900160100000600179101000800185245004600193504004100239333274620180105051019.0850719s1986 nyu b 001 0 eng c a 85017446  a0443083282 aDNLM/DLCcDLCdDLC aeng aWO 200 A573 a617.96 MIL00a617.96 MIL219 a6 aANE00aAnesthesia /cedited by Ronald D. Miller. aIncludes bibliographies and indexes.